Produktivita - zber údajov

Systém hodnotenia produktivity v spoločnosti Volkswagen. Kombinovanie rôznych typov vstupov. Systém merania produktivity v podniku.

Saved in:
Bibliographic Details
Main Author: Hulín, Milan
Other Authors: Kleinedler, Ladislav
Format: Book Chapter
Language:Slovak
Subjects:
Tags: Add Tag
No Tags, Be the first to tag this record!

MARC

LEADER 00000naa a2200000 4500
001 r046525
005 20231002121504.8
041 0 |a slo 
044 |a SK 
245 1 0 |a Produktivita - zber údajov  |c Milan Hulín, Ladislav Kleinedler 
520 |a Systém hodnotenia produktivity v spoločnosti Volkswagen. Kombinovanie rôznych typov vstupov. Systém merania produktivity v podniku. 
610 2 0 |a produktivita 
610 2 0 |a meranie produktivity 
610 2 0 |a vstupy 
610 2 0 |a produktivita práce 
610 2 0 |a výkonnosť 
610 2 0 |a riadenie podľa cieľov 
610 2 0 |a zber dát 
610 2 0 |a spracovanie dát 
100 1 |a Hulín, Milan 
700 1 |a Kleinedler, Ladislav